00604nam a22001817a 450000500170000001000150001702000260003203500140005803700090007208200160008110000200009724501070011725000060022426000460023027000860027630000280036250000320039020240708121101.0 aENG-140779 c330.00a9788195320578 aEN-124311 bDBAD a343.540322 aBangia, Harshul aGeneral Financial Rules, 2017:bAlong with Government of India Decisions/cCompiled by, Harshul Bangia a2 aNewDelhibSumedha Publishing House c2022 bNew DelhiaUG-Ansal Chamber-1, 3 Bhikaji cama Placee110066k26104004k9891591329 axxiii, 260p.c24cm (pb) aAs Amended upto 2022 (July)